| 000 | 004700000a22001930004500 | ||
|---|---|---|---|
| 001 | 004594 | ||
| 003 | MACL | ||
| 005 | 20150912174415.0 | ||
| 008 | 150912b xxu||||| |||| 00| 0 eng d | ||
| 040 |
_aMACL _cMACL |
||
| 041 | _aEnglish | ||
| 082 | _a823/GOR | ||
| 100 |
_aGorki, Maxim _910606 |
||
| 245 |
_aSelected Short Stories _cMaxim Gorki |
||
| 260 |
_aDelhi _c2007 _bLalit Book Disrtibutors, |
||
| 350 | _a250 | ||
| 650 |
_aFiction _910607 |
||
| 942 |
_k823 _cBK _2ddc |
||
| 999 |
_c16481 _d16481 |
||